Jaettuja valtioiden muotoja #1 - Statistics

Yleistilastot
  • Tätä visaa on pelattu 431 kertaa
  • Keskiarvotulos 8 / 15
Vastaustilastot
Valtion nimi % Oikein
Espanja
90%
Australia
86%
Egypti
82%
Marokko
82%
Senegal
77%
Brasilia
65%
Saudi-Arabia
48%
Angola
47%
Etiopia
45%
Nepal
44%
Iran
43%
Itävalta
36%
Yhdistyneet arabiemiirikunnat
34%
Sambia
28%
Guatemala
27%
Ehtoja vastaavia visoja ei löytynyt
Tulosjakauma
Jokaisen tuloksen saaneiden osuus
Persentiili vastausten määrän mukaan
Tuloshistoriasi
Et ole pelannut tätä visaa